000 00788cab a2200277 4500
001 WB2945-09
008 090401t1993 xxu||||| |||| 00| 0 eng d
035 _a(Sirsi) u34966
041 _aeng
100 _aJonas, C.
245 _aStrategy for success
260 _c1993
350 _a0
490 _aFinancial Times
_v3 December 1993, 10(2)
520 _aFormer RICS President Christopher Jonas argues that the property market can play an important role in reviving the UK economy.
650 _aCHRISTOPHER JONAS
650 _aECONOMY
650 _aInfrastructure
_96246
650 _aPROPERTY MARKET
650 _aPUBLIC TRANSPORT
650 _aRICS
650 _aURBAN REGENERATION
690 _aPROPERTY-COMMERCIAL PROPERTY
942 _n0
948 _c04/03/1997
999 _c23008
_d23008